00949cam a22002651 4500001001300000003000400013005001700017008004100034010001700075035001900092040002000111042001200131050002200143086001600165100003200181245004900213260004900262300007900311440006400390440004500454500012000499500003200619650001500651999001700666s 13000104 DLC20260227111911.0761014s1889 dcu 000 0 eng  as 13000104  a(OCoLC)2503503 aDLCcTxArUdDLC apremarc00aQ11b.S68 vol. 260 aSI 1.6:26/21 aHyatt, Alpheus,d1838-1902.10aGenesis of the Arietidae.cBy Alpheus Hyatt. aWashington,bSmithsonian Institution,c1889. axi, 238, [2] p. 13l.billus., xiv (i.e. 15) plates, vi fold. tab.c33 cm. 0aSmithsonian contributions to knowledgev[vol. XXVI, art. 2] 0aSmithsonian Institution publicationv673 a"Published by the Smithsonian Institution in cooperation with the Museum of Comparative Zoology, Cambridge, Mass." aSudocs number: SI 1.6:26/2. 0aArietidae. c52658d52658